| 000 | 00400nam a2200145Ia 4500 | ||
|---|---|---|---|
| 008 | 231129s1992||||xx |||||||||||||| ||spa|| | ||
| 020 | _a84-7615-897-1 | ||
| 040 | _beng | ||
| 082 | _aR 616 H299i | ||
| 100 | _aHarrington John T. | ||
| 245 | 0 | _aInterconsulta en medicina interna | |
| 260 | _c1992 | ||
| 264 | _aInteramericana ; McGraw-Hill | ||
| 942 |
_2ddc _cBKS |
||
| 999 |
_c15789 _d15789 |
||